| 000 | 00796cam a22002537a 4500 | ||
|---|---|---|---|
| 008 | |||
| 020 | _a9781107014992 (hbk.) | ||
| 049 | _aMAIN | ||
| 090 |
_aQA267.5.S4 _bGOR |
||
| 100 | 1 | _aGoresky, Mark. | |
| 245 | 1 | 0 |
_aAlgebraic shift register sequences / _cMark Goresky, Andrew Klapper. |
| 260 |
_aCambridge, UK ; _aNew York : _bCambridge University Press, _c2012. |
||
| 300 |
_axv, 498 p. : _bill. ; _c26 cm. |
||
| 500 | _aIncludes index. | ||
| 504 | _aIncludes bibliographical references. | ||
| 650 | 0 |
_aShift registers _xMathematics. |
|
| 650 | 0 | _aSequences (Mathematics) | |
| 700 | 1 | _aKlapper, Andrew. | |
| 907 |
_a.b10349388 _b24-11-14 _c17-11-14 |
||
| 003 | |||
| 005 | 20230123122113.0 | ||
| 040 | _cNUST | ||
| 942 |
_cBOOKS _kQA267.5.S4 _mGOR |
||
| 999 |
_c127847 _d127847 |
||